| 000 | 00830nam a22001577a 4500 | ||
|---|---|---|---|
| 003 | OSt | ||
| 005 | 20151024145154.0 | ||
| 008 | 151024b xxu||||| |||| 00| 0 eng d | ||
| 040 | _cRUA | ||
| 082 | _aAVM DOU 2013 B105 Or.1 | ||
| 100 |
_92801 _aDOUNG, SENGHONG. |
||
| 245 | _aEffect of using cassava leaves meal growth rate of hybrid at animal experimental station at royal university of agriculture, ឥទ្ធិពលនៃការប្រើប្រាស់ម្សៅស្លឹកដំឡូងមីលើការលូតលាស់របស់កូនកាត់ នៅស្ថានីួ៍ពិសោធន៍សត្វ នៃសាកលវិទ្យាល័យភូមិន្ធកសិកម្ម. | ||
| 260 |
_aphnom phen _bROA _c2013 |
||
| 300 |
_aIVX,39p. _bill. _c29cm. |
||
| 942 |
_2ddc _cAVM |
||
| 999 |
_c2622 _d2622 |
||